أبو تمام الطائي : (رقم التسجيلة. 24148)

تفاصيل مارك
000 -LEADER
fixed length control field 00507nam a22001817a 4500
005 - DATE AND TIME OF LATEST TRANSACTION
control field 20251108165302.0
008 - FIXED-LENGTH DATA ELEMENTS--GENERAL INFORMATION
fixed length control field 250721s1992 xx 000 0 ara d
082 14 - DEWEY DECIMAL CLASSIFICATION NUMBER
Classification number 928.11/تما
100 1# - MAIN ENTRY--PERSONAL NAME
Personal name زلوم، حموده
245 10 - TITLE STATEMENT
Title أبو تمام الطائي :
Remainder of title شاعر الغيث /
264 1# - PRODUCTION, PUBLICATION, DISTRIBUTION, MANUFACTURE, AND COPYRIGHT NOTICE
Place of production, publication, distribution, manufacture عمان :
Name of producer, publisher, distributor, manufacturer المؤلف،
Date of production, publication, distribution, manufacture, or copyright notice 1992.
300 ## - PHYSICAL DESCRIPTION
Extent 58ص
650 17 - SUBJECT ADDED ENTRY--TOPICAL TERM
Topical term or geographic name as entry element الشعر العباسي
650 17 - SUBJECT ADDED ENTRY--TOPICAL TERM
Topical term or geographic name as entry element الشعر العربي
650 17 - SUBJECT ADDED ENTRY--TOPICAL TERM
Topical term or geographic name as entry element الشعراء
942 ## - ADDED ENTRY ELEMENTS (KOHA)
Source of classification or shelving scheme Dewey Decimal Classification
Koha item type كتب
المقتنيات
حالة السحب حالة الفقدان مصدر التصنيف حالة التلف غير قابل للإعارة المكتبة الرئيسية المكتبة الحالية موقع الرف تاريخ التزويد الرقم المتسلسل Total Checkouts رقم الإستدعاء الباركود تاريخ آخر ظهور تاريخ الفاتورة نوع المادة (كوها)
    Dewey Decimal Classification     المكتبة المركزية المكتبة المركزية الإعارة 06/07/2004 174320   928.11/تما 174320 28/07/2025 06/07/2004 كتب
    Dewey Decimal Classification     مكتبة الأميرة ايمان العامة مكتبة الأميرة ايمان العامة الإعارة 22/09/2013 [90]   928.11/تما PLD00278986 28/07/2025 22/09/2013 كتب
    Dewey Decimal Classification Unchecked   مكتبة الاميرة بديعة مكتبة الاميرة بديعة الإعارة 06/07/2004 3321   928.11/تما   28/07/2025 06/07/2004 كتب
    Dewey Decimal Classification Unchecked   مكتبة الجويدة مكتبة الجويدة الإعارة 06/07/2004 3049   928.11/تما   28/07/2025 06/07/2004 كتب
    Dewey Decimal Classification Unchecked   مكتبة الحسن العامة مكتبة الحسن العامة الإعارة 06/07/2004 6933   928.11/تما   28/07/2025 06/07/2004 كتب
    Dewey Decimal Classification     مكتبة النصر العامة مكتبة النصر العامة الإعارة 11/04/2015 [ 5073 ]   928.11/تما PLD00383086 28/07/2025 11/04/2015 كتب
    Dewey Decimal Classification Unchecked   مكتبة صويلح العامة مكتبة صويلح العامة الإعارة 06/07/2004 6610   928.11/تما   28/07/2025 06/07/2004 كتب
    Dewey Decimal Classification Unchecked   مكتبة وادي السير العامة مكتبة وادي السير العامة الإعارة 06/07/2004 3735   928.11/تما   28/07/2025 06/07/2004 كتب
Implemented & Customized by: BBB with SCIT (Smart Chains for Information Technology)

Powered by Koha